Political Parties of Spain - Statistics

General Stats
  • This quiz has been taken 28 times
  • The average score is 9 of 21
Answer Stats
Seats in Parliament (Hint) Answer % Correct
D: 33/350S: 3/264 Vox (VOX)
92%
D: 137/350S: 143/264 People's Party of Spain (PP)
88%
D: 4/350S: 0/264 Podemos (POD)
88%
D: 120/350S: 90/264 Spanish Socialist Workers' Party (PSOE)
88%
D: 10/350S: 0/264 Sumar (SUM)
73%
D: 7/350S: 3/264 Together for Catalonia (JUNTS)
69%
D: 7/350S: 6/264 Republican Left of Catalonia (ERC)
65%
D: 5/350S: 5/264 Basque Nationalist Party (EAJ/PNV)
58%
D: 6/350S: 5/264 Euskal Herria Bildu (EH BILDU)
54%
D: 2/350S: 1/264 Compromise Coalition (COMPROMIS)
46%
D: 1/350S: 1/264 Galician National Bloc (BNG)
46%
D: 1/350S: 1/264 Navarrese People's Union (UPN)
27%
D: 5/350S: 0/264 United Left (IU)
27%
D: 1/350S: 1/264 Canarian Coalition (CCa)
19%
D: 1/350S: 0/264 More for Mallorca (MES)
19%
D: 1/350S: 0/264 Chunta Aragonista (CHA)
15%
D: 0/350S: 1/264 Geroa Bai (GBAI)
15%
D: 0/350S: 1/264 Gomera Socialist Group (ASG)
15%
D: 6/350S: 0/264 Catalunya en Comu (COMUNS)
12%
D: 0/350S: 1/264 Independent Herrenian Group (AHI)
8%
D: 2/350S: 1/264 More for Madrid (MM)
4%
No matching quizzes found
Score Distribution
Percent of People with Each Score
Percentile by Number Answered
Your Score History
You have not taken this quiz